| 000 | 00373nam a2200145Ia 4500 | ||
|---|---|---|---|
| 008 | 240624s9999 xx 000 0 und d | ||
| 041 | _aeng | ||
| 082 | _a658.15 COR | ||
| 100 | _aCORNWALL JEFFREY R | ||
| 245 | _aENTREPRENEURIAL FINANCIAL MANAGEMENT AN | ||
| 250 | _a(5th ed.) | ||
| 260 |
_c2020 _aLondon _bRoutledge |
||
| 300 | _axx, 326 p.; 23 cm. | ||
| 365 |
_cBPS _b31 |
||
| 999 |
_c31982 _d31982 |
||